000 00610nam a22001937a 4500
005 20240708155833.0
010 _aENG-140835
020 _a9789355328830
_c795.00
035 _aEN-124367
037 _bDBAD
082 _21
_a301
100 _aVardhan, P Vishnu
_968240
245 _aComplete Anthropology/
_cBy P Vishnu Vardhan
250 _a1
260 _aNoida
_bPearson India Education
_c2024
270 _a15th floor, Tower- B, World Trade Tower, plot No.1, Block -C, Sector-16, Noida,
_bUttar Pradesh
_e201301
300 _avpp.
_c26cm(pbk)
_bIndex
942 _2ddc
_cEN
_h301
_mVAR
_e1
999 _c204022
_d204022